Statistiques concernant Touts les modèles de lamborghini existant

Cliquez ici pour prendre le quiz!

Statistiques générales

  • Ce quiz a été pris 166 fois
  • Le résultat moyen est 11 sur 37

Statistiques - réponses

HintRéponse% Correct
2011-2021Aventador
92%
2018-2022Urus
90%
2014-2022Huracan
87%
1974-2021Countach
73%
2003-2009Gallardo
65%
1966-1972Miura
64%
2001-2009Murciélago
63%
1990-2001Diablo
61%
2023Revuelto
48%
2013Veneno
48%
2020Sian
45%
2007-2010reventon
41%
2016centenario
36%
2013Sesto elemento
35%
1986-1993 (SUV)LM002
32%
1964-1966350 GT
30%
1966-1968400 GT
24%
1968-1978Espada
23%
ConceptsEgoista
18%
1981-1988Jalpa
16%
ConceptsTerzo
16%
ConceptsAsterion
12%
ConceptsEstoque
11%
1972-1979Urraco
11%
2023Lanzador
10%
2010LP 570
10%
2020SC20
8%
1970-1976Jarama
7%
2020Essenza
6%
1966-1970islero
5%
2023Autentica
4%
2023Invencible
4%
2018Sc18 Alston
4%
1976-1979Silhouette
4%
Concepts350 GTV
3%
ConceptsMarzal
2%
ConceptsMinotauro
2%

Distribution des résultats

Percentile par nombre de réponses

% des personnes avec chaque résultat

Votre développement - résultats

Vous n’avez pas pris ce quiz